01387nkm a2200277 i 45000010005000000030009000050050017000140070006000310080041000371000031000782450088001092600029001973000039002265000035002655110053003005180228003536000031005816000030006126100070006427100053007127100065007658520025008308560093008559990015009489520146009633062ES-MaACL20250713062544.0khrbo041115s1982 sp --- g |001||spa d0 aAlfonso,d1902-199091985813aLa voz en la música española del siglo XX [hFotografía] / cAlfonso (sello). a[S.l. : bs.n.], c1982. a4 fot. : bb. y n. ; c12 x 18 cm. aDatos basados en invitación.0 aIntervienen: Inmaculada Burgos, Fernando Turina. aActo organizado por la Sección de Música del Ateneo de Madrid en colaboración con la Asociación de Compositores Sinfónicos Españoles, celebrado en el salón de actos el martes 6 de abril de 1982, a las 19:30 h.14aBurgos, Inmaculada.93265014aTurina, Fernando.911170924aAteneo de Madrid-xActos culturales-y1982-vFotografías.918942 aAteneo de Madrid. bSección de Música.920042 aAsociación de Compositores Sinfónicos Españoles.91573 aES-MaACLjFOT 7/19824 uhttp://www.ateneodemadrid.net/biblioteca_digital/imagenes/1982/0007-1982.jpgzVer imagen c3062d3062 001040708Colección_digitalaATENEOMbATENEOMcDEPOZd2008-01-17eSCl0oFOT 7/1982p1003125r2023-02-23 00:00:00w2023-02-23yFOTOGRAFIA